[Event "GER-ch U25-B"]
[Site "Willingen"]
[Date "2019.06.14"]
[Round "8"]
[White "Guenther, Emil"]
[Black "Schmied, Elias"]
[Result "1-0"]
[WhiteElo "1689"]
[BlackElo "1669"]
[PlyCount "89"]
[EventDate "2019.06.08"]
[EventType "swiss"]
[EventRounds "9"]
[EventCountry "GER"]
[SourceTitle "CBM 191 Extra"]
[Source "ChessBase"]
[SourceDate "2019.09.30"]
[SourceVersion "1"]
[SourceVersionDate "2019.09.30"]
[SourceQuality "1"]

1. Nf3 d5 2. c4 c6 3. b3 Nf6 4. g3 Bf5 5. Bb2 e6 6. Bg2 Be7 7. d3 0-0 8. 0-0 Nbd7 9. Nbd2 Qc7 10. Rc1 Rfe8 11. Re1 Bg6 12. e4 dxe4 13. dxe4 e5 14. Qc2 Rad8 15. Qc3 a5 16. Re2 b6 17. a3 Bf8 18. b4 axb4 19. axb4 Ra8 20. Ne1 Ra4 21. Nd3 Bd6 22. h3 c5 23. b5 Nf8 24. Rce1 N6d7 25. f4 f6 26. f5 Bf7 27. Kh2 Qa7 28. Nc1 Qa5 29. Qd3 Be7 30. Bc3 Qa7 31. Bf3 Ra3 32. Rg2 Qa5 33. Bxa5 Rxd3 34. Nxd3 bxa5 35. Ra1 Ra8 36. Ra3 Nb6 37. Nb2 Rd8 38. Rxa5 Rd4 39. Bd1 Nxc4 40. Nbxc4 Bxc4 41. Nxc4 Rxd1 42. Rb2 Rc1 43. Ra4 Nd7 44. Ra7 Rxc4 45. Rxd7 1-0

[Event "GER-ch U25-B"]
[Site "Willingen"]
[Date "2019.06.12"]
[Round "6"]
[White "Guenther, Emil"]
[Black "Petersen, Finn Christopher"]
[Result "1-0"]
[WhiteElo "1689"]
[BlackElo "1780"]
[PlyCount "75"]
[EventDate "2019.06.08"]
[EventType "swiss"]
[EventRounds "9"]
[EventCountry "GER"]
[SourceTitle "CBM 191 Extra"]
[Source "ChessBase"]
[SourceDate "2019.09.30"]
[SourceVersion "1"]
[SourceVersionDate "2019.09.30"]
[SourceQuality "1"]

1. Nf3 Nf6 2. d4 g6 3. g3 b5 4. Bg2 Bb7 5. 0-0 Bg7 6. b3 0-0 7. Bb2 d6 8. Nbd2 Nbd7 9. a3 c5 10. c4 a6 11. a4 b4 12. d5 e5 13. e4 Nh5 14. Ne1 Bh6 15. Qe2 f5 16. exf5 Rxf5 17. Ne4 Qf8 18. Bh3 Rf7 19. Be6 Ndf6 20. Nxf6+ Nxf6 21. f4 exf4 22. Bxf6 Re8 23. Bb2 f3 24. Qxf3 Rxe6 25. Qxf7+ Qxf7 26. Rxf7 Rxe1+ 27. Rxe1 Kxf7 28. h3 Bc8 29. g4 Bg5 30. Kg2 h5 31. Kf3 h4 32. Bc1 Bxc1 33. Rxc1 g5 34. Ke4 Bd7 35. Rf1+ Kg7 36. Rf5 Be8 37. Rxg5+ Bg6+ 38. Rxg6+ 1-0

[Event "GER-ch U25-B"]
[Site "Willingen"]
[Date "2019.06.10"]
[Round "3"]
[White "Ebeling, Gereon"]
[Black "Guenther, Emil"]
[Result "0-1"]
[WhiteElo "1588"]
[BlackElo "1689"]
[PlyCount "84"]
[EventDate "2019.06.08"]
[EventType "swiss"]
[EventRounds "9"]
[EventCountry "GER"]
[SourceTitle "CBM 191 Extra"]
[Source "ChessBase"]
[SourceDate "2019.09.30"]
[SourceVersion "1"]
[SourceVersionDate "2019.09.30"]
[SourceQuality "1"]

1. e4 c5 2. Nf3 Nc6 3. d4 cxd4 4. Nxd4 Nf6 5. Nc3 e6 6. a3 a6 7. Bg5 Be7 8. Nf3 Qc7 9. Bd3 b5 10. Qd2 Bb7 11. b4 0-0 12. 0-0 Rac8 13. Ne2 d6 14. Rac1 Ne5 15. Nxe5 dxe5 16. Bxf6 Bxf6 17. f3 Rfd8 18. Rb1 h6 19. Rb3 Bg5 20. Qd1 Qb6+ 21. Kh1 Rc7 22. Rc3 Rcd7 23. Qb1 Bd2 24. Rb3 Kh8 25. Rg1 Be3 26. Rf1 Bc6 27. Rc3 g6 28. Rb3 Bg5 29. h3 Rg8 30. g3 Qd8 31. Rc3 Bb7 32. Rb3 h5 33. Qe1 f6 34. h4 Bh6 35. Qf2 Rdg7 36. Qh2 g5 37. hxg5 Bxg5 38. f4 exf4 39. gxf4 f5 40. fxg5 fxe4 41. Kg1 Rxg5+ 42. Kf2 Rg2+ 0-1

[Event "GER-ch U25-B"]
[Site "Willingen"]
[Date "2019.06.09"]
[Round "2"]
[White "Guenther, Emil"]
[Black "Lange, Malina"]
[Result "1/2-1/2"]
[WhiteElo "1689"]
[BlackElo "1562"]
[PlyCount "100"]
[EventDate "2019.06.08"]
[EventType "swiss"]
[EventRounds "9"]
[EventCountry "GER"]
[SourceTitle "CBM 191 Extra"]
[Source "ChessBase"]
[SourceDate "2019.09.30"]
[SourceVersion "1"]
[SourceVersionDate "2019.09.30"]
[SourceQuality "1"]

1. Nf3 Nf6 2. c4 g6 3. g3 b6 4. Bg2 Bb7 5. 0-0 Bg7 6. Nc3 0-0 7. d4 e6 8. Bg5 h6 9. Bxf6 Qxf6 10. e4 d6 11. Qe2 Nd7 12. Rad1 c5 13. e5 dxe5 14. Nxe5 Nxe5 15. Bxb7 cxd4 16. Bxa8 dxc3 17. Bg2 cxb2 18. f4 Nxc4 19. Qxc4 Qe7 20. Qc6 Qa3 21. Qc4 Qc5+ 22. Qxc5 bxc5 23. Be4 c4 24. Bc2 c3 25. Rd7 a5 26. Rfd1 Rb8 27. Ra7 Bd4+ 28. Rxd4 b1Q+ 29. Bxb1 Rxb1+ 30. Kg2 c2 31. Rc4 c1Q 32. Rxc1 Rxc1 33. Rxa5 Rc2+ 34. Kh3 h5 35. a4 Ra2 36. Ra7 Kf8 37. a5 Kg8 38. a6 Kg7 39. Ra8 Kh7 40. g4 hxg4+ 41. Kxg4 Kg7 42. Kf3 Kf6 43. Ke3 Ra4 44. a7 Kf5 45. h3 Ra3+ 46. Kd4 Kxf4 47. Kc5 e5 48. Kb6 Rb3+ 49. Kc5 Ra3 50. Kb6 Rb3+ 1/2-1/2

[Event "GER-ch U25-B"]
[Site "Willingen"]
[Date "2019.06.09"]
[Round "1"]
[White "Petrosyan, Tigran2222"]
[Black "Guenther, Emil"]
[Result "0-1"]
[WhiteElo "1603"]
[BlackElo "1689"]
[PlyCount "88"]
[EventDate "2019.06.08"]
[EventType "swiss"]
[EventRounds "9"]
[EventCountry "GER"]
[SourceTitle "CBM 191 Extra"]
[Source "ChessBase"]
[SourceDate "2019.09.30"]
[SourceVersion "1"]
[SourceVersionDate "2019.09.30"]
[SourceQuality "1"]

1. Nf3 b6 2. d4 Bb7 3. c4 Nf6 4. Nc3 e6 5. Bg5 Be7 6. e3 d5 7. cxd5 Nxd5 8. Bxe7 Qxe7 9. Nxd5 Bxd5 10. a3 0-0 11. Bd3 Nd7 12. 0-0 c5 13. Rc1 Rfd8 14. Bc4 Bb7 15. Qe2 Qf6 16. Rfd1 e5 17. dxe5 Nxe5 18. Nxe5 Qxe5 19. Rxd8+ Rxd8 20. Rd1 Qe7 21. Rxd8+ Qxd8 22. Qd3 Qxd3 23. Bxd3 Kf8 24. Kf1 Ke7 25. Ke2 Bxg2 26. Kd2 h6 27. Kc3 Bb7 28. b4 Kd6 29. Bb5 Bc6 30. Bc4 Bd5 31. Bb5 Ke5 32. bxc5 bxc5 33. Bd3 g5 34. a4 f5 35. a5 f4 36. h3 Bg2 37. Kc4 Bxh3 38. Kxc5 fxe3 39. fxe3 g4 40. Bb5 g3 41. Bc6 g2 42. Bxg2 Bxg2 43. Kb5 Bb7 44. a6 Ba8 0-1

[Event "JBLN West 1819"]
[Site "Germany"]
[Date "2019.05.19"]
[Round "9.4"]
[White "Guenther, Emil"]
[Black "Schramm, David"]
[Result "1-0"]
[WhiteElo "1769"]
[BlackElo "1517"]
[PlyCount "65"]
[EventDate "2018.09.23"]
[EventType "team-tourn"]
[EventRounds "9"]
[EventCountry "GER"]
[SourceTitle "EXT 2020"]
[Source "ChessBase"]
[SourceDate "2019.10.17"]
[SourceVersion "1"]
[SourceVersionDate "2019.10.17"]
[SourceQuality "1"]
[WhiteTeam "Kiel Doppelbauer U20"]
[BlackTeam "Weisse Dame U20"]
[WhiteTeamCountry "GER"]
[BlackTeamCountry "GER"]

1. Nf3 d5 2. c4 e6 3. d4 Nf6 4. Nc3 Be7 5. Bg5 h6 6. Bh4 0-0 7. e3 Nbd7 8. Qc2 b6 9. cxd5 Nxd5 10. Nxd5 Bxh4 11. Nxc7 Rb8 12. Nb5 Ra8 13. Be2 Be7 14. 0-0 a6 15. Nc3 Bb7 16. Rfd1 Qc7 17. Rac1 Rac8 18. Qb1 Qb8 19. Ne1 Bd6 20. h3 Nf6 21. Bf3 g5 22. Ne4 Bxe4 23. Bxe4 h5 24. Rxc8 Rxc8 25. Bd3 b5 26. e4 Be7 27. Rc1 Rd8 28. Rd1 g4 29. Qc1 Nh7 30. e5 Ng5 31. h4 Nh7 32. Qh6 Nf8 33. Qxh5 1-0

[Event "JBLN West 1819"]
[Site "Germany"]
[Date "2019.05.05"]
[Round "7.4"]
[White "Guenther, Emil"]
[Black "Rothenberg, Jannik"]
[Result "0-1"]
[WhiteElo "1769"]
[BlackElo "1853"]
[PlyCount "64"]
[EventDate "2018.09.23"]
[EventType "team-tourn"]
[EventRounds "9"]
[EventCountry "GER"]
[SourceTitle "EXT 2020"]
[Source "ChessBase"]
[SourceDate "2019.10.17"]
[SourceVersion "1"]
[SourceVersionDate "2019.10.17"]
[SourceQuality "1"]
[WhiteTeam "Kiel Doppelbauer U20"]
[BlackTeam "Uelzen Post U20"]
[WhiteTeamCountry "GER"]
[BlackTeamCountry "GER"]

1. c4 g6 2. g3 Bg7 3. Bg2 d6 4. Nf3 c6 5. 0-0 Nd7 6. Nc3 e5 7. d4 Ne7 8. e4 0-0 9. d5 c5 10. Ne1 f5 11. Nd3 Nf6 12. f4 fxe4 13. Nxe4 Nxe4 14. Bxe4 exf4 15. Bxf4 Nf5 16. Rc1 Nd4 17. Qd2 Bf5 18. Bxf5 Nxf5 19. Ne1 Qd7 20. Ng2 Rae8 21. Rce1 Nd4 22. Rxe8 Rxe8 23. Be3 Qg4 24. Kh1 Nf5 25. Bg1 Qxc4 26. Re1 Rxe1 27. Qxe1 Be5 28. Qa5 Qxd5 29. Qxa7 Bxb2 30. Qb8+ Kg7 31. Qc7+ Qf7 32. Qb6 Be5 0-1

[Event "JBLN West 1819"]
[Site "Germany"]
[Date "2019.01.27"]
[Round "4.4"]
[White "Guenther, Emil"]
[Black "Harutyunyan, Hovhannes"]
[Result "1/2-1/2"]
[WhiteElo "1769"]
[BlackElo "1646"]
[PlyCount "152"]
[EventDate "2018.09.23"]
[EventType "team-tourn"]
[EventRounds "9"]
[EventCountry "GER"]
[SourceTitle "EXT 2020"]
[Source "ChessBase"]
[SourceDate "2019.10.17"]
[SourceVersion "1"]
[SourceVersionDate "2019.10.17"]
[SourceQuality "1"]
[WhiteTeam "Kiel Doppelbauer U20"]
[BlackTeam "Flensburg U20"]
[WhiteTeamCountry "GER"]
[BlackTeamCountry "GER"]

1. c4 e5 2. Nc3 Nf6 3. g3 Bc5 4. e3 Nc6 5. Bg2 d6 6. Nge2 0-0 7. 0-0 Re8 8. d4 exd4 9. exd4 Bb6 10. h3 Bf5 11. Be3 Qc8 12. Kh2 a6 13. Nf4 Nb4 14. Rc1 c5 15. d5 a5 16. a3 Na6 17. Nb5 Qd7 18. Ne2 Nc7 19. Nec3 Ne4 20. Nxc7 Qxc7 21. Bf4 Nxc3 22. Rxc3 Qd7 23. Re1 a4 24. Rce3 Bc7 25. Qe2 Rxe3 26. fxe3 Re8 27. e4 Bxe4 28. Bxe4 f5 29. Qc2 Qe7 30. Qxa4 fxe4 31. b4 Qf7 32. Qc2 cxb4 33. axb4 Qf5 34. Qd2 b6 35. Qe3 h6 36. g4 Qf6 37. Re2 g5 38. Bg3 Qe7 39. Kg2 Kh7 40. Rf2 Kg8 41. Rf5 Rf8 42. Rxf8+ Kxf8 43. Be1 Qe5 44. Bc3 Qf4 45. Qxf4+ gxf4 46. Bd2 f3+ 47. Kf2 Kg7 48. Ke3 b5 49. Be1 Bb6+ 50. Kxe4 f2 51. Bxf2 Bxf2 52. cxb5 Kf6 53. Kf4 Kg6 54. Kf3 Bg1 55. Kf4 Bh2+ 56. Kf3 Bg1 57. Kf4 Bb6 58. Kg3 Kg5 59. h4+ Kg6 60. Kf3 Kf6 61. Kf4 Ba7 62. Ke4 Bg1 63. Kd3 Ke5 64. Kc4 Ke4 65. g5 hxg5 66. hxg5 Kf5 67. b6 Bxb6 68. Kb5 Bd8 69. Kc6 Kxg5 70. Kxd6 Kf5 71. Kd7 Bb6 72. Kc6 Bd8 73. Kd6 Ke4 74. Kd7 Kxd5 75. Kxd8 Kc4 76. Kc7 Kxb4 1/2-1/2

[Event "JBLN West 1819"]
[Site "Germany"]
[Date "2018.12.02"]
[Round "3.5"]
[White "Guenther, Emil"]
[Black "Tiedemann, Fin Niklas"]
[Result "1/2-1/2"]
[WhiteElo "1769"]
[BlackElo "1949"]
[PlyCount "115"]
[EventDate "2018.09.23"]
[EventType "team-tourn"]
[EventRounds "9"]
[EventCountry "GER"]
[SourceTitle "EXT 2020"]
[Source "ChessBase"]
[SourceDate "2019.10.17"]
[SourceVersion "1"]
[SourceVersionDate "2019.10.17"]
[SourceQuality "1"]
[WhiteTeam "Kiel Doppelbauer U20"]
[BlackTeam "Luebeck SV U20"]
[WhiteTeamCountry "GER"]
[BlackTeamCountry "GER"]

1. c4 e5 2. Nc3 g6 3. g3 Bg7 4. Bg2 d6 5. Nf3 f5 6. e3 Nf6 7. d3 0-0 8. 0-0 h6 9. Rb1 g5 10. Ne1 g4 11. f4 Nh5 12. Bd2 exf4 13. exf4 Bd4+ 14. Kh1 Qe8 15. Bd5+ Kh7 16. Qe2 Qg6 17. Nc2 Bf6 18. Rbe1 c6 19. Bg2 Ng7 20. Qf2 h5 21. Re2 Na6 22. b4 Bd7 23. Rfe1 h4 24. Kg1 Qh6 25. Bh1 Kg6 26. Nd1 Rh8 27. Qg2 Rae8 28. Rxe8 Bxe8 29. Bc3 hxg3 30. hxg3 Nh5 31. Bxf6 Kxf6 32. Nf2 Bd7 33. a3 Kf7 34. Re3 Nc7 35. Kf1 Ne6 36. Ke1 Nexf4 37. gxf4 g3 38. Nh3 Nxf4 39. Nxf4 Qxf4 40. Qf3 Qh4 41. Bg2 Rg8 42. Re4 Qg5 43. Rf4 Re8+ 44. Kd2 Rh8 45. Kc3 Rh2 46. Ne3 Rh5 47. Kb3 Kg6 48. Nf1 Rh4 49. Rxh4 Qxh4 50. Qxg3+ Qxg3 51. Nxg3 Kg5 52. Kc2 Kg4 53. Nf1 f4 54. Kd2 f3 55. Bh1 Kf4 56. Kc3 Bh3 57. Bxf3 Kxf3 58. Nd2+ 1/2-1/2

[Event "Kiel op 31st"]
[Site "Kiel"]
[Date "2018.07.30"]
[Round "5"]
[White "Guenther, Emil"]
[Black "Lubenow, Olaf"]
[Result "0-1"]
[WhiteElo "1601"]
[BlackElo "1794"]
[PlyCount "48"]
[EventDate "2018.07.28"]
[EventType "swiss"]
[EventRounds "9"]
[EventCountry "GER"]
[SourceTitle "CBM 185 Extra"]
[Source "ChessBase"]
[SourceDate "2018.07.29"]
[SourceVersion "1"]
[SourceVersionDate "2018.07.29"]
[SourceQuality "1"]

1. Nf3 e6 2. d4 d6 3. g3 Ne7 4. Bg2 Ng6 5. 0-0 Be7 6. Nbd2 0-0 7. e4 b6 8. b3 Bb7 9. Bb2 Nd7 10. c4 c5 11. d5 e5 12. Qc2 Nf6 13. a4 a5 14. h4 Bc8 15. Nh2 h6 16. Qd3 Nh5 17. Qf3 Ngf4 18. gxf4 Nxf4 19. Ng4 f5 20. Ne3 fxe4 21. Qxe4 Ne2+ 22. Kh1 Rf4 23. Qb1 Rxh4+ 24. Bh3 Bxh3 0-1

[Event "Kiel op 31st"]
[Site "Kiel"]
[Date "2018.07.29"]
[Round "4"]
[White "Farokhi, Keyvan"]
[Black "Guenther, Emil"]
[Result "1-0"]
[WhiteElo "1848"]
[BlackElo "1601"]
[PlyCount "45"]
[EventDate "2018.07.28"]
[EventType "swiss"]
[EventRounds "9"]
[EventCountry "GER"]
[SourceTitle "CBM 185 Extra"]
[Source "ChessBase"]
[SourceDate "2018.07.29"]
[SourceVersion "1"]
[SourceVersionDate "2018.07.29"]
[SourceQuality "1"]

1. e4 e5 2. Nf3 Nc6 3. Bb5 Nf6 4. 0-0 Nxe4 5. Re1 Nd6 6. Nxe5 Nxe5 7. Rxe5+ Be7 8. Bf1 0-0 9. d4 Bf6 10. Re1 Re8 11. c3 Rxe1 12. Qxe1 Nf5 13. Bf4 d5 14. Bxc7 Qf8 15. Bd3 Be6 16. Be5 Be7 17. Nd2 Rc8 18. Bxf5 Bxf5 19. Bxg7 Kxg7 20. Qe5+ Kg6 21. Qxd5 b6 22. Nf3 Qd8 23. Ne5+ 1-0

[Event "Kiel op 31st"]
[Site "Kiel"]
[Date "2018.07.28"]
[Round "2"]
[White "Werner, Rene"]
[Black "Guenther, Emil"]
[Result "1/2-1/2"]
[WhiteElo "1856"]
[BlackElo "1601"]
[PlyCount "146"]
[EventDate "2018.07.28"]
[EventType "swiss"]
[EventRounds "9"]
[EventCountry "GER"]
[SourceTitle "CBM 185 Extra"]
[Source "ChessBase"]
[SourceDate "2018.07.29"]
[SourceVersion "1"]
[SourceVersionDate "2018.07.29"]
[SourceQuality "1"]

1. c4 Nf6 2. g3 g6 3. Bg2 Bg7 4. Nc3 0-0 5. Nf3 c5 6. 0-0 Nc6 7. d3 e6 8. a3 d6 9. Rb1 a5 10. b3 Ng4 11. Nb5 Na7 12. Nxa7 Rxa7 13. Qc2 Bd7 14. Bb2 e5 15. h3 Nf6 16. Bc3 Qc8 17. Kh2 Qc7 18. b4 axb4 19. axb4 b6 20. b5 Rfa8 21. Nxe5 dxe5 22. Bxa8 Rxa8 23. Ra1 Rb8 24. Ra3 Bc8 25. Qb2 Nd7 26. e4 Bh6 27. Bd2 Bg7 28. Rfa1 Bb7 29. Qc1 Nf8 30. R1a2 Ne6 31. Qf1 Nd4 32. f4 f5 33. Ra7 exf4 34. Bxf4 Be5 35. exf5 Bxf4 36. Qxf4 Qxf4 37. gxf4 Nxf5 38. Re2 Kf7 39. Kg1 Kf6 40. Kf2 Nd4 41. Re5 h5 42. Re3 Nb3 43. Ra3 Nd4 44. Ra7 h4 45. Re5 Nf5 46. Re1 Ng3 47. Re5 Nh5 48. Ke3 Ng7 49. Kf2 Ne6 50. Ke3 g5 51. Rxe6+ Kxe6 52. fxg5 Kf5 53. g6 Kxg6 54. d4 Bc8 55. dxc5 bxc5 56. Rc7 Bxh3 57. Rxc5 Rf8 58. Rc6+ Kg5 59. Rc7 Be6 60. b6 h3 61. b7 Bg4 62. Rg7+ Kh5 63. c5 Kh4 64. Rxg4+ Kxg4 65. c6 Rf3+ 66. Ke2 h2 67. b8Q h1Q 68. Qg8+ Kf5 69. Qd5+ Kf6 70. Qxf3+ Qxf3+ 71. Kxf3 Ke6 72. Ke4 Kd6 73. Kd4 Kxc6 1/2-1/2